Castro's cuba : The revolution in cuba

Gespeichert in:
Bibliographische Detailangaben
1. Verfasser: Mills, C. Wright
Format: Buch
Sprache:Undetermined
Veröffentlicht: London Secker & Warburg 1960
Tags: Tag hinzufügen
Keine Tags, Fügen Sie den ersten Tag hinzu!
Thư viện lưu trữ: Trung tâm Học liệu Trường Đại học Cần Thơ
LEADER 00468nam a2200181Ia 4500
001 CTU_86824
008 210402s9999 xx 000 0 und d
082 |a 972.9163 
082 |b M657 
100 |a Mills, C. Wright 
245 0 |a Castro's cuba : 
245 4 |b The revolution in cuba 
245 0 |c C. Wright Mills 
260 |a London 
260 |b Secker & Warburg 
260 |c 1960 
904 |i Mai Loan 
980 |a Trung tâm Học liệu Trường Đại học Cần Thơ